MDQL
is popping MORE tags! Check the
thread
!
Quizzes
Events
Quiz Creation
Community
Videos
Private Events
Remove Ads
Sign In
Join for FREE
Feedback
Dark Mode
Quiz Categories
Sports
Geography
Music
Movies
Television
Just For Fun
Miscellaneous
History
Literature
Language
Science
Gaming
Entertainment
Religion
Holiday
For Kids
Quiz Lab
Recent
Popular Today
Quiz Kudos Today
Editor Picks
Curator Picks
Quizzes by...
Day
Popularity
Type
Ratings
Length
Year
Community
Subscriptions
Recent Discussions
Orange Saloon
Badges
Playlists
Quests
Create
Leaderboards
Showdown
Live 5
Trivia Bingo
Activity
Puzzle Library
Sporcle Events
Private Events
Virtual Trivia
Globe League
Become a Host
Pub Owners
SporcleCon
Opinionation
Our Games
Videos
Blog
Mobile Apps
Partnerships
Remove Ads and Go Orange
Feedback
Geography
Country
Landmarks
City
State
Population
World
Capital
Continent
Flags
Europe
Africa
Asia
South America
North America
Oceania
Border
Canada
United Kingdom
Topography
United States
Geography
Country
Landmarks
City
State
Population
World
Capital
Continent
Flags
Europe
Africa
Asia
South America
North America
Oceania
Border
Canada
United Kingdom
Topography
United States
Random Quiz
Search Sporcle
×
Quiz Lab
Quiz Lab
Geography
Landmarks
Type in answers that appear in a list
Type in answers that appear in a list
Classic
Best Score? Go Orange.
What country are these landmarks located Stats
Can you name the What country are these landmarks located?
By
switchfootgirl
11m
25 Questions
528 Plays
528 Plays
528 Plays
Comments
Comments
Give Quiz Kudos
Give Quiz Kudos
-
- Ratings
hide this ad
Forced Order
Answers have to be entered in order
Answers have to be entered in order
Random Order
Randomize order of answers
Randomize order of answers
Replay
Link that replays current quiz
Next Quiz
Link to next quiz in quiz playlist
You Got
0%
They Got
Avg Score
49%
Avg Friend Score
Upgrade to see
Score Distribution
Jump to the score distribution portion of the page
Score
0/25
Timer
11:00
0
Plays Today
Landmark or Site
Country
% Correct
Eiffel Tower
France
95.6%
Sydney Opera House
Australia
92.4%
Leaning Tower Of Pisa
Italy
92.4%
Taj Mahal
India
92.2%
Big Ben
UK
90.2%
Osaka Castle
Japan
83.1%
CN Tower
Canada
82.2%
Forbidden City
China
82%
Machu Picchu
Peru
81.4%
Christ The Redeemer
Brazil
80.9%
Dome Of The Rock
Israel
51.7%
Willis Tower
USA
50.4%
Hofburg Imperial Palace
Austria
49.8%
Landmark or Site
Country
% Correct
Burj Khalifa
UAE
48.3%
San Francisco Temple
Mexico
38.4%
Gran Via
Spain
35.4%
Vatnajokull
Iceland
30.1%
Bodrum Castle
Turkey
16.7%
Tana River Bushland
Kenya
11.4%
Pasargad
Iran
8.5%
Patan Durbar Square
Nepal
6.3%
Kalaja e Beratit
Albania
4.9%
Parigala
Azerbaijan
3.6%
Grand Mosque
Niger
1.7%
Saint Louis Cathedral
Guatemala
0.9%
Quiz Playlist
Details
Report
Send in Message
Add To Playlist
Classic:
Type in answers that appear in a list
Forced Order:
Answers have to be entered in order
Random Order:
Randomize order of answers
Last Updated: Feb 16, 2017
Quiz Scoreboard
CHALLENGE
Sign Up to Join the Scoreboard
Show All
Scores
Hide
Comments
May contain spoilers
Recently Published
Two Season TV Shows II
by 123Four
Television
10m
Image Sorting: Flags VI
by Barbecue
Geography
2m
Find the 'City' Movie
by crazypaving
Movies
60s
More to Explore
Quiz From the Vault
Featured Blog Post
14 Easter Pick-up Lines to Find Eggs With
hide this ad
You Might Also Like...
Tags
Country Quiz
Landmarks Quiz
location
site
Today's Top Quizzes in Geography
Browse Geography
hide this ad
Today's Top Quizzes in Landmarks
Browse Landmarks
Top Contributed Quizzes in Geography
1
Colored Red Europe Blitz I
2
Countries of the World - No Outlines Minefield
3
Colored Red Africa Blitz II
4
Colored Red Europe Blitz II
5
Colored Red Europe Blitz III
6
Colored Red Africa Blitz III
7
Colored Red States Blitz I
8
Colored Red States Blitz II
9
A Different View: World Oceans
10
Colored Red States Blitz III
Explore More
Trending Topics
Crossword
Marvel
Kpop
Harry Potter
Disney
Anime
NBA
NFL
Country
Soccer
Pokémon
WWE
Song
Puzzle
The Office
hide this ad
More By:
switchfootgirl
Quiz
Plays
Rating
Category
Featured
Created
Pick the Songs on Nevermind
8,102
4.74
Music
May 11, 2012
Click In The Blank (Movies)
6,122
3.86
Movies
May 1, 2012
Top 50 Girl Baby Names 2005
4,946
3.79
Miscellaneous
Oct 14, 2009
Click In The Blank (Songs)
3,724
4.57
Music
May 1, 2012
Top 300 Songs Of All Time
1,552
5.00
Music
Jun 17, 2012
Go to Creator's Profile
Score Distribution
Quiz Creator Spotlight
switchfootgirl
Follow
Send a Message
Quizzes Created
-
Created Quiz Play Count
-
More By This Creator
Popular Quizzes Today
1
Find the US States - No Outlines Minefield
2
Colored Red Africa Blitz
3
Find the 'City' Movie
4
5x2 Blitz: Bands
5
The Countries of the World
6
Find the Countries of Europe - No Outlines Minefield
7
Find the US States
8
US States
More Geography Quizzes
Same First Two Letters: Capitals
Published
Trending Quizzes
Colored Red Europe Blitz I
Colored Red Africa Blitz II
Colored Red Europe Blitz II
Even More Two Season TV Shows
Colored Red Africa Blitz III
Recently Updated
March Madness Men's Triple Doubles
pecheneg
How Do You Spell That?
pecheneg
Godzilla Movies
pecheneg
Grab Bag: 4-10 Letters
pecheneg
2024 March Madness Bracket
pecheneg
Famous TV Couples
Peacemaker
Champions League XIs: Real Madrid
pecheneg
Largest US Cities 1790-2010
pecheneg
Rides in Walt Disney World
pecheneg
Most Oscar Losses (Acting)
pecheneg
Trending Topics
Crossword
Disney
Kpop
NBA
Anime
Harry Potter
Marvel
WWE
Soccer
Song
Pokémon
Puzzle
Country
NFL
The Office
Your Account Isn't Verified!
In order to create a playlist on Sporcle, you need to verify the email address you used during registration. Go to your
Sporcle Settings
to finish the process.
Report this User
Report this user for behavior that violates our
Community Guidelines
.
Details:
Send Report
Go to the Sporcle.com Mobile Site →
Comments